BIBLIOTECA PODER JUDICIAL
Portal Judicial TDF

Revisión de la cosa juzgada / (Registro nro. 1943)

000 -LEADER
fixed length control field 01234nam a22002297a 4500
003 - CONTROL NUMBER IDENTIFIER
control field OSt
005 - DATE AND TIME OF LATEST TRANSACTION
control field 20181121082706.0
008 - FIXED-LENGTH DATA ELEMENTS--GENERAL INFORMATION
fixed length control field 180302b xxu||||| |||| 00| 0 spa d
040 ## - CATALOGING SOURCE
Transcribing agency PJ
100 ## - ASIENTO PRINCIPAL - NOMBRE DE PERSONA
9 (RLIN) 120
Personal name Hitters, Juan Carlos
245 10 - MENCIÓN DE TÍTULO
Título propiamente dicho Revisión de la cosa juzgada /
Mención de responsabilidad, etc Juan C. Hitters; prólogo de Augusto M. Morello.
260 ## - PUBLICATION, DISTRIBUTION, ETC. (IMPRINT)
Place of publication, distribution, etc La Plata :
Name of publisher, distributor, etc Lep,
Date of publication, distribution, etc 1977.
300 ## - DESCRIPCION FISICA
Extent 338 p.
Dimensions 23 cm.
500 ## - NOTA GENERAL
General note Notas y citas bibliográficas a pie de página.
505 ## - FORMATTED CONTENTS NOTE
Formatted contents note Contenido:<br/>Primera parte: propedeutica -- Segunda parte : historia y derecho comparado -- Análisis histórico de la revisión -- La revisión en el derecho comparado -- Tercera parte: biología de la cosa comparada (dogmática) -- La cosa juzgada -- Esencia mutable de las norma jurídicas -- Axiología -- Cuarta parte: la revisión en el derecho argentino -- La revisión en las diversas disciplinas jurídicas -- Recurso de revisión en el proceso civil -- Acción de nulidad -- Consideraciones finales.
650 #0 - ASIENTO SECUNDARIO DE MATERIA - TERMINO TEMATICO
9 (RLIN) 267
Topical term or geographic name as entry element DERECHO PROCESAL
650 #0 - ASIENTO SECUNDARIO DE MATERIA - TERMINO TEMATICO
9 (RLIN) 2041
Topical term or geographic name as entry element RESOLUCIONES JUDICIALES
650 #0 - ASIENTO SECUNDARIO DE MATERIA - TERMINO TEMATICO
9 (RLIN) 2356
Topical term or geographic name as entry element SENTENCIA FIRME
650 #0 - ASIENTO SECUNDARIO DE MATERIA - TERMINO TEMATICO
9 (RLIN) 965
Topical term or geographic name as entry element COSA JUZGADA
700 ## - ADDED ENTRY--PERSONAL NAME
9 (RLIN) 95
Personal name Morello, Augusto Mario
Relator term prologuista
942 ## - ADDED ENTRY ELEMENTS (KOHA)
Source of classification or shelving scheme
Koha item type Libros
Classification part 342.95
Item part HIT
Existencias
Withdrawn status Lost status Source of classification or shelving scheme Damaged status Not for loan Permanent Location Current Location Date acquired Total Checkouts Total Renewals Full call number Barcode Checked out Date last seen Date checked out Price effective from Koha item type
          Biblioteca Poder Judicial Sur Biblioteca Poder Judicial Sur 2018-11-13 1 2 347.953 HIT 0474 2026-02-11 2025-08-08 2025-08-08 2018-11-13 Libros

12 de Octubre 789 Ushuaia - Tel:  54(02901)441571
Horario de Atención: 8.00 a 17.00 hs. 
bibliotecaush@justierradelfuego.gov.ar
koha@justierradelfuego.gov.ar
Seguinos en nuestras redes @bibliojustdf 

Con tecnología Koha